حجر رشيد :استعادة لغة قدماء المصريين

محفوظ في:

المؤلف الرئيسي: منصور ،أحمد

التنسيق: كتاب

اللغة: Undetermined

منشور في: AL Iskandariyah 2016

الوسوم: إضافة وسم

لا توجد وسوم, كن أول من يضع وسما على هذه التسجيلة!

رقم الطلب: PJ1531 .R5.M35

LEADER 00467nam a2200121Ia 4500
008 230909s9999||||xx |||||||||||||| ||und||
050 4 |a PJ1531 .R5.M35 
100 1 |a منصور ،أحمد  
245 1 0 |a حجر رشيد :استعادة لغة قدماء المصريين  
264 1 |a AL Iskandariyah  |c 2016 
942 |2 lcc  |c BK 
952 |0 0  |1 0  |2 lcc  |4 0  |6 PJ1531 R5 M35  |7 1  |9 49978  |a ARCE  |b ARCE  |d 2023-09-09  |l 0  |o PJ1531 .R5.M35  |p 1027017  |r 2023-09-09 00:00:00  |w 2023-09-09  |y BK 
999 |c 54601  |d 54601